[Event "15th Delhi Open 2017"]
[Site "New Delhi IND"]
[Date "2017.01.09"]
[Round "1.26"]
[White "Rathnakaran, K."]
[Black "Raja, Rithvik R"]
[Result "1-0"]
[WhiteTitle "IM"]
[BlackTitle "CM"]
[WhiteElo "2428"]
[BlackElo "1991"]
[WhiteFideId "5005507"]
[BlackFideId "35007394"]
[EventDate "2017.01.09"]

1. e4 c5 2. Nf3 d6 3. c3 Nf6 4. h3 g6 5. Bd3 Bg7 6. O-O O-O 7. Re1 Nc6 8. Bc2 e5
9. a4 d5 10. d3 h6 11. Na3 Be6 12. Bd2 Qd7 13. a5 Rad8 14. a6 dxe4 15. dxe4 bxa6
16. Qe2 Qb7 17. Be3 Nd7 18. Bd3 Rb8 19. Reb1 a5 20. Bc4 Bxc4 21. Qxc4 Qb3 22.
Nd2 Qxc4 23. Naxc4 Rb5 24. Nd6 Rbb8 25. N6c4 Rb5 26. Ra2 Rfb8 27. Nd6 R5b6 28.
N2c4 Rb3 29. Rd1 Nf6 30. Bxc5 Bf8 31. Rd2 Rd8 32. Nxa5 Nxa5 33. Rxa5 Rb6 34.
Rxa7 Rbxd6 35. Bxd6 Nxe4 36. Bxf8 Rxd2 37. Ra8 Kh7 38. f3 Ng3 39. Be7 g5 40. Bf6
e4 41. fxe4 Nxe4 42. Bd4 Rxb2 43. g4 f6 44. Re8 Re2 45. Bxf6 Kg6 46. Bd4 Nxc3
47. Rg8+ Kf7 48. Rg7+ Kf8 49. Bxc3 Re3 50. Rc7 Rxh3 51. Kg2 Rh4 52. Kf3 h5 53.
Ke4 hxg4 54. Kf5 g3 55. Ke6 Re4+ 56. Be5 Kg8 57. Rc8+ Kh7 58. Kf5 1-0

[Event "15th Delhi Open 2017"]
[Site "New Delhi IND"]
[Date "2017.01.09"]
[Round "1.27"]
[White "Kabir, Mohammad Sherajul"]
[Black "Nitin, S."]
[Result "1/2-1/2"]
[BlackTitle "IM"]
[WhiteElo "1991"]
[BlackElo "2427"]
[WhiteFideId "10202633"]
[BlackFideId "5018277"]
[EventDate "2017.01.09"]

1. e4 c5 2. Nf3 e6 3. d4 cxd4 4. Nxd4 a6 5. Nc3 b5 6. Bd3 Qb6 7. Nb3 Qc7 8. O-O
Bb7 9. Qe2 d6 10. f4 Nd7 11. a3 Ngf6 12. Be3 h5 13. h3 Be7 14. Bd4 h4 15. e5 Nh5
16. Qe3 Ng3 17. Rf2 Rh5 18. exd6 Bxd6 19. Bxg7 O-O-O 20. Ne4 Rg8 21. Nxd6+ Qxd6
22. Bc3 Qd5 23. Qd4 Ne2+ 24. Rxe2 Rxg2+ 25. Kf1 Qf3+ 26. Ke1 Qxh3 27. Rxg2 Qxg2
28. Qf2 Qd5 29. Be2 h3 30. Bxh5 Qxh5 31. Kd2 h2 32. Re1 h1=Q 33. Rxh1 Qxh1 34.
Qg3 Qh7 35. Bd4 Bd5 36. Nc5 Nxc5 37. Bxc5 Kb7 38. Bf2 Qh8 39. Qc3 Qh2 40. Qg3
Qh8 41. Qc3 Qxc3+ 42. Kxc3 Be4 43. Bd4 Kc6 44. Be5 Kd5 45. Kd2 Bg6 46. b3 Bh7
47. c3 Bb1 48. Bf6 Ke4 49. Be5 Bd3 50. Bc7 Bf1 51. Be5 Kf5 52. Bc7 f6 53. Ke3 e5
54. fxe5 fxe5 55. Bd8 Ke6 56. Bc7 Kd5 57. c4+ bxc4 58. bxc4+ Bxc4 59. Bd8 e4 60.
Be7 1/2-1/2

[Event "15th Delhi Open 2017"]
[Site "New Delhi IND"]
[Date "2017.01.10"]
[Round "2.1"]
[White "Amonatov, Farrukh"]
[Black "Aradhya, Garg"]
[Result "1-0"]
[WhiteTitle "GM"]
[WhiteElo "2619"]
[BlackElo "2230"]
[WhiteFideId "14700077"]
[BlackFideId "25006746"]
[EventDate "2017.01.09"]

1. e4 e5 2. Nf3 Nc6 3. Bb5 a6 4. Ba4 d6 5. O-O Bd7 6. d4 exd4 7. Nxd4 b5 8. Nxc6
Bxc6 9. Bb3 Nf6 10. c4 Be7 11. Nc3 O-O 12. Re1 Nd7 13. Be3 Bf6 14. Qc2 Ne5 15.
cxb5 axb5 16. Nd5 Bxd5 17. Bxd5 c6 18. Bb3 Ng4 19. Qxc6 Bxb2 20. Rad1 Be5 21. g3
Qa5 22. Qb6 Nxe3 23. Qxa5 Rxa5 24. Rxe3 Ra6 25. Red3 g5 26. Rf3 b4 27. Rf5 h6
28. f4 gxf4 29. gxf4 Bc3 30. Kf2 Kg7 31. Kf3 Rc6 32. Rfd5 Re8 33. Ba4 Rf8 34.
Bb3 1-0

[Event "15th Delhi Open 2017"]
[Site "New Delhi IND"]
[Date "2017.01.10"]
[Round "2.2"]
[White "Mahalakshmi, M"]
[Black "Lalith, Babu M R"]
[Result "0-1"]
[WhiteTitle "WIM"]
[BlackTitle "GM"]
[WhiteElo "2225"]
[BlackElo "2587"]
[WhiteFideId "5001080"]
[BlackFideId "5024595"]
[EventDate "2017.01.09"]

1. d4 g6 2. c4 Bg7 3. Nc3 d6 4. Nf3 Bg4 5. h3 Bxf3 6. exf3 Nd7 7. Be3 e5 8. dxe5
Nxe5 9. Be2 Ne7 10. Qd2 Nf5 11. Bg5 Qd7 12. O-O O-O 13. Nd5 c6 14. Ne3 Nxe3 15.
fxe3 Qe6 16. Rac1 h6 17. Bh4 d5 18. cxd5 cxd5 19. b3 Nc6 20. Kh1 Rfe8 21. Bf2
Rad8 22. Rfd1 Bf8 23. Bf1 h5 24. Bh4 Be7 25. Bxe7 Rxe7 26. Rc5 a6 27. Rxd5 Rxd5
28. Qxd5 Qxe3 29. Bc4 Kg7 30. Qd2 Qe5 31. f4 Qf6 32. Qc1 h4 33. Bd5 Nb4 34. a3
Na2 35. Qc4 Nc3 36. Rf1 Ne2 37. Kh2 Ng3 38. Rc1 b5 39. Qc5 Qxf4 0-1

[Event "15th Delhi Open 2017"]
[Site "New Delhi IND"]
[Date "2017.01.10"]
[Round "2.3"]
[White "Ghosh, Diptayan"]
[Black "Dutta, Joydeep"]
[Result "1-0"]
[WhiteTitle "GM"]
[BlackTitle "FM"]
[WhiteElo "2570"]
[BlackElo "2215"]
[WhiteFideId "5045207"]
[BlackFideId "5016592"]
[EventDate "2017.01.09"]

1. d4 d5 2. c4 e6 3. Nf3 Nf6 4. Nc3 Bb4 5. Bg5 Nbd7 6. e3 O-O 7. Rc1 c6 8. Bd3
Qa5 9. O-O Bxc3 10. Rxc3 dxc4 11. Bxc4 Ne4 12. Ra3 Qb4 13. Qc2 Nxg5 14. Nxg5 Nf6
15. e4 h6 16. e5 hxg5 17. exf6 gxf6 18. Rh3 Re8 19. Rh6 f5 20. Qe2 Qf8 21. Rh5
Qg7 22. Qd2 f6 23. f4 Qg6 24. Rh3 Kf7 25. Rg3 Rg8 26. Qe2 Bd7 27. fxg5 fxg5 28.
Qe5 Ke7 29. Qc5+ Kd8 30. Re3 Re8 31. Rfe1 Qf6 32. Bxe6 Kc7 33. d5 b6 34. Qc4 c5
35. d6+ Kd8 36. Qd5 Rb8 37. Bxd7 Rxe3 38. Rxe3 1-0

[Event "15th Delhi Open 2017"]
[Site "New Delhi IND"]
[Date "2017.01.10"]
[Round "2.4"]
[White "Patil, Pratik"]
[Black "David, Alberto"]
[Result "1/2-1/2"]
[BlackTitle "GM"]
[WhiteElo "2208"]
[BlackElo "2569"]
[WhiteFideId "5038758"]
[BlackFideId "4000013"]
[EventDate "2017.01.09"]

1. e4 c5 2. c3 d5 3. exd5 Qxd5 4. d4 e6 5. Nf3 Nf6 6. Be3 cxd4 7. cxd4 Be7 8.
Nc3 Qd8 9. Bd3 O-O 10. O-O b6 11. Qe2 Bb7 12. Rad1 Nd5 13. Bc4 Nxc3 14. bxc3 Qc7
15. Ne5 Nc6 16. Nxc6 Bxc6 17. d5 Bxd5 18. Bxd5 exd5 19. Rxd5 Rad8 20. Rxd8 Rxd8
21. Bd4 Bc5 22. Bxc5 Qxc5 23. Rd1 Rxd1+ 24. Qxd1 g6 25. Qd2 h5 26. h4 Kg7 27. g3
Qc4 28. Kg2 Qc6+ 29. Kf1 Kf6 30. Qd4+ Ke6 31. Ke2 Qb5+ 32. c4 Qa5 33. Kd3 f5 34.
Ke3 Qxa2 35. Qd5+ Ke7 36. Qe5+ Kf7 37. Qc7+ Ke6 38. Qc6+ Ke7 39. Qc7+ Kf6 40.
Qd6+ Kg7 41. Qe7+ 1/2-1/2

[Event "15th Delhi Open 2017"]
[Site "New Delhi IND"]
[Date "2017.01.10"]
[Round "2.5"]
[White "Karthikeyan, Murali"]
[Black "Jayakumaar, S"]
[Result "1-0"]
[WhiteTitle "GM"]
[WhiteElo "2564"]
[BlackElo "2211"]
[WhiteFideId "5074452"]
[BlackFideId "5090997"]
[EventDate "2017.01.09"]

1. Nf3 d5 2. g3 Nf6 3. Bg2 c6 4. O-O Bf5 5. c4 e6 6. b3 Be7 7. Bb2 O-O 8. d3 h6
9. Nbd2 a5 10. a3 Na6 11. Ne5 Nc5 12. h3 Bh7 13. Qc2 Rc8 14. Rac1 Nfd7 15. Nxd7
Qxd7 16. Bc3 Ra8 17. Qb2 f6 18. Bd4 Na6 19. Bb6 Bd8 20. Bxd8 Rfxd8 21. b4 axb4
22. axb4 Qe7 23. b5 Nc5 24. cxd5 Na4 25. d6 Qxd6 26. Qb3 Rdc8 27. bxc6 bxc6 28.
Rc4 Rcb8 29. Qc2 Rb2 30. Qc1 Ra2 31. Rxc6 Qd8 32. Rc2 Rxc2 33. Qxc2 Ra7 34. Ra1
Qd4 35. Nb3 Qb4 36. Nc5 Rc7 37. Qxa4 1-0

[Event "15th Delhi Open 2017"]
[Site "New Delhi IND"]
[Date "2017.01.10"]
[Round "2.6"]
[White "Bernadskiy, Vitaliy"]
[Black "Gandhi, Anish"]
[Result "1-0"]
[WhiteTitle "GM"]
[WhiteElo "2540"]
[BlackElo "2210"]
[WhiteFideId "14100371"]
[BlackFideId "5061032"]
[EventDate "2017.01.09"]

1. d4 Nf6 2. Nf3 g6 3. Nc3 d5 4. Bf4 Bg7 5. e3 O-O 6. Be2 c5 7. Nb5 Nc6 8. dxc5
Ne4 9. Nbd4 Qa5+ 10. c3 Qxc5 11. O-O e5 12. Nb3 Qe7 13. Bg3 Nxg3 14. hxg3 Be6
15. Ne1 Rad8 16. Nd3 Rfe8 17. Ndc5 Bc8 18. Bb5 Qc7 19. Rc1 a6 20. Be2 Na5 21.
Nxa5 Qxc5 22. b4 Qb6 23. Qb3 Bf8 24. a3 Qf6 25. Qb2 Bg7 26. c4 b6 27. Nb3 dxc4
28. Rxc4 Bb7 29. Rfc1 Rc8 30. Rc7 Rxc7 31. Rxc7 Bc8 32. Bc4 Rf8 33. Bxf7+ Kh8
34. e4 Qd6 35. Qc2 Bg4 36. Bd5 a5 37. Rc6 Qd8 38. b5 Rf6 39. a4 Bd7 40. Rc3 h5
41. Nd2 Qe7 42. Rc7 Qd6 43. Nf3 Bh6 44. Qc3 Bg7 45. Qxe5 Bg4 46. Qxd6 Rxd6 47.
Ng5 Rf6 48. f3 Bh6 49. Rh7# 1-0

[Event "15th Delhi Open 2017"]
[Site "New Delhi IND"]
[Date "2017.01.10"]
[Round "2.7"]
[White "Likhit, Chilukuri"]
[Black "Sivuk, Vitaly"]
[Result "0-1"]
[BlackTitle "GM"]
[WhiteElo "2206"]
[BlackElo "2540"]
[WhiteFideId "35005456"]
[BlackFideId "14116502"]
[EventDate "2017.01.09"]

1. e4 e5 2. Nf3 Nc6 3. Bc4 Nf6 4. d3 Be7 5. Bb3 O-O 6. O-O d6 7. c3 Bg4 8. Re1
Nd7 9. Nbd2 Nc5 10. Bc2 Ne6 11. Nf1 Ng5 12. Bxg5 Bxg5 13. h3 Bd7 14. Nxg5 Qxg5
15. Re3 Ne7 16. Rg3 Qh4 17. d4 Rad8 18. dxe5 Bb5 19. exd6 Rxd6 20. Qg4 Qxg4 21.
Rxg4 Ng6 22. Ne3 Rd2 23. Rd1 Rfd8 24. Rxd2 Rxd2 25. Rg5 c6 26. c4 Bxc4 27. Rc5
Be6 28. Kf1 Nf4 29. Ke1 Rd4 30. h4 a6 31. a3 Nd3+ 32. Bxd3 Rxd3 33. Rc2 Kf8 34.
Ke2 Rb3 35. g4 h6 36. f4 f6 37. Rd2 Ke7 38. f5 Bf7 39. Kf3 a5 40. Kf4 a4 41. Nd1
g5+ 42. fxg6 Bxg6 43. Nc3 b5 44. e5 fxe5+ 45. Kxe5 b4 46. Nxa4 bxa3 47. bxa3
Re3+ 48. Kd4 Re4+ 49. Kc5 Rxa4 50. Kxc6 Rc4+ 51. Kb5 Rxg4 52. Re2+ Kf6 53. Rh2
h5 54. Rh3 Bf5 0-1

[Event "15th Delhi Open 2017"]
[Site "New Delhi IND"]
[Date "2017.01.10"]
[Round "2.8"]
[White "Gireman, Ja"]
[Black "Tukhaev, Adam"]
[Result "1/2-1/2"]
[BlackTitle "GM"]
[WhiteElo "2199"]
[BlackElo "2516"]
[WhiteFideId "5043794"]
[BlackFideId "14109476"]
[EventDate "2017.01.09"]

1. e4 c5 2. Nf3 d6 3. d4 cxd4 4. Nxd4 Nf6 5. Nc3 a6 6. h3 e6 7. g4 b5 8. Bg2 Bb7
9. O-O h6 10. Re1 Nbd7 11. a4 bxa4 12. Rxa4 Rb8 13. Nd5 g6 14. Rb4 Bg7 15. Nxf6+
Bxf6 16. e5 Bxg2 17. Rxb8 Qxb8 18. exf6 Bd5 19. Bf4 e5 20. Nf5 gxf5 21. Qxd5
fxg4 22. hxg4 Nxf6 23. Qc6+ Ke7 24. Bg3 Qc8 25. Qxc8 Rxc8 26. f4 Nxg4 27. fxe5
dxe5 28. Bxe5 Rxc2 29. Bc3+ Kd7 30. Ra1 h5 31. Ra5 h4 32. Rh5 Nh2 33. Rf5 Ke6
34. Re5+ Kd6 35. Re3 Ng4 36. Rh3 f5 37. Rxh4 Kd5 38. Rh8 Ke4 39. Rd8 Kf3 40.
Rd3+ Ne3 41. Bd4 f4 42. Ra3 Rd2 43. Be5 Rg2+ 44. Kh1 Rg6 45. Ra4 Ng2 46. Kh2
Rh6+ 47. Kg1 Re6 48. Bc7 Kg3 49. Ra3+ Ne3 50. Rd3 Kf3 51. Ra3 Rg6+ 52. Kh2 Rh6+
53. Kg1 Rc6 54. Bb8 Rg6+ 55. Kh2 Rb6 56. Bc7 Re6 57. Bb8 Kg4 58. Ra4 Nd5 59. Kg2
Kf5 60. Kf3 Rb6 61. Bxf4 Rb3+ 62. Kf2 Rxb2+ 63. Kf3 Rb3+ 64. Kf2 Nxf4 1/2-1/2

[Event "15th Delhi Open 2017"]
[Site "New Delhi IND"]
[Date "2017.01.10"]
[Round "2.9"]
[White "Masango, Spencer"]
[Black "Malakhatko, Vadim"]
[Result "0-1"]
[BlackTitle "GM"]
[WhiteElo "2198"]
[BlackElo "2514"]
[WhiteFideId "14300753"]
[BlackFideId "14104202"]
[EventDate "2017.01.09"]

1. Nf3 g6 2. c4 Bg7 3. Nc3 e5 4. g3 Ne7 5. Bg2 O-O 6. O-O f5 7. d3 Kh8 8. Bg5 h6
9. Bxe7 Qxe7 10. Nd5 Qd8 11. Nh4 Kh7 12. e4 c6 13. Nc3 f4 14. Bh3 Na6 15. Kh1 d6
16. Bxc8 Rxc8 17. Rg1 Nc5 18. b4 Ne6 19. Qg4 Qe8 20. Raf1 Rc7 21. Nf3 Rcf7 22.
h4 Rf6 23. Nh2 f3 24. Rb1 h5 25. Qh3 Bh6 26. Rb2 g5 27. hxg5 Nxg5 28. Qh4 Ne6
29. b5 Bg5 30. Qh3 Nc5 31. bxc6 bxc6 32. Ng4 Rg6 33. Nh2 Nxd3 34. Rb7+ Rg7 35.
Rxg7+ Kxg7 36. Qf1 Nc5 37. Qd1 Qe6 38. g4 h4 39. Nxf3 Be7 40. Qe2 Qf7 41. Nd2
Qxf2 42. Qxf2 Rxf2 43. Rg2 Rf8 44. Kg1 Bg5 45. Nf1 Nd3 46. Ne2 Rb8 47. Nc3 Rb4
48. Nd2 Ne1 0-1

[Event "15th Delhi Open 2017"]
[Site "New Delhi IND"]
[Date "2017.01.10"]
[Round "2.10"]
[White "Movsziszian, Karen"]
[Black "Navalgund, Niranjan"]
[Result "0-1"]
[WhiteTitle "GM"]
[WhiteElo "2507"]
[BlackElo "2207"]
[WhiteFideId "13301152"]
[BlackFideId "5030854"]
[EventDate "2017.01.09"]

1. g3 d5 2. Nf3 c6 3. Bg2 Bg4 4. b3 Nd7 5. Bb2 e6 6. O-O Ngf6 7. d3 Bd6 8. c4
O-O 9. Na3 Re8 10. Nc2 a5 11. a3 b5 12. cxb5 cxb5 13. a4 b4 14. Nfd4 Qb8 15. Nb5
Bc5 16. Qd2 Qb6 17. h3 Bh5 18. Ncd4 e5 19. Nf5 Bg6 20. Nh4 Rac8 21. e3 d4 22.
exd4 Bxd4 23. Nxd4 exd4 24. Nxg6 hxg6 25. Qf4 Qe6 26. Bxd4 Qxb3 27. Bb7 Rc2 28.
Rfd1 Nc5 29. Bxc5 Rxc5 30. d4 g5 31. Qd2 Rc7 32. Bg2 Rc2 33. Qxg5 Ree2 34. Qf5
Qc3 35. d5 g6 36. Qf4 Nh5 37. Qb8+ Kg7 38. Rf1 Nxg3 39. d6 Nxf1 40. d7 Rxf2 0-1

[Event "15th Delhi Open 2017"]
[Site "New Delhi IND"]
[Date "2017.01.10"]
[Round "2.11"]
[White "Dodeja, Pawan"]
[Black "Deviatkin, Andrei"]
[Result "1/2-1/2"]
[BlackTitle "GM"]
[WhiteElo "2189"]
[BlackElo "2499"]
[WhiteFideId "5012686"]
[BlackFideId "4121260"]
[EventDate "2017.01.09"]

1. e4 c6 2. d4 d5 3. Nd2 dxe4 4. Nxe4 Bf5 5. Ng3 Bg6 6. Bc4 e6 7. N1e2 Bd6 8.
Nf4 Nf6 9. c3 Nbd7 10. h4 Bxf4 11. Bxf4 h6 12. a4 O-O 13. h5 Bh7 14. O-O Nd5 15.
Bd2 Qh4 16. Qf3 Ne5 17. dxe5 Qxc4 18. Rfe1 f6 19. exf6 Rxf6 20. Qe2 Qh4 21. c4
Nf4 22. Bxf4 Qxf4 23. Ra3 e5 24. Rf3 1/2-1/2

[Event "15th Delhi Open 2017"]
[Site "New Delhi IND"]
[Date "2017.01.10"]
[Round "2.12"]
[White "Horvath, Adam1"]
[Black "Akash Pc, Iyer"]
[Result "0-1"]
[WhiteTitle "GM"]
[WhiteElo "2499"]
[BlackElo "2205"]
[WhiteFideId "708003"]
[BlackFideId "5006775"]
[EventDate "2017.01.09"]

1. e4 e5 2. Nf3 Nc6 3. Bc4 Bc5 4. c3 Nf6 5. d3 d6 6. a4 a6 7. O-O O-O 8. Bg5 h6
9. Bh4 Ba7 10. Na3 Be6 11. Re1 Qe7 12. d4 Bg4 13. Nc2 Bxf3 14. gxf3 g5 15. Bg3
Nh5 16. b4 exd4 17. Nxd4 Ne5 18. Nf5 Qf6 19. Be2 Ng7 20. Ne3 c6 21. Ra2 Rad8 22.
Rd2 Bb6 23. a5 Bc7 24. Kh1 Nh5 25. c4 Nf4 26. Nf5 Kh8 27. Bxf4 gxf4 28. Qc1 Kh7
29. Rdd1 Ng6 30. Rg1 Bb8 31. Bd3 Rg8 32. Bb1 Ba7 33. Qd2 Ne5 34. Qxf4 Bxf2 35.
Rgf1 Ba7 36. c5 dxc5 37. Rxd8 Rxd8 38. Rg1 c4 39. Rg7+ Kh8 40. Kg2 Rd1 41. Kh3
Rf1 42. Rg3 Rxb1 43. Qd2 Nd3 44. Nxh6 Nf4+ 45. Kg4 Qg6+ 46. Kxf4 Qxh6+ 47. Rg5
Qf6+ 48. Rf5 Qh4+ 49. Ke5 Bb8+ 50. Kd4 Qd8+ 51. Ke3 Ba7+ 52. Ke2 Qxd2+ 53. Kxd2
Bd4 54. Rxf7 Rb2+ 55. Kd1 c3 0-1

[Event "15th Delhi Open 2017"]
[Site "New Delhi IND"]
[Date "2017.01.10"]
[Round "2.13"]
[White "Nishant, Malhotra"]
[Black "Czebe, Attila"]
[Result "1/2-1/2"]
[BlackTitle "GM"]
[WhiteElo "2186"]
[BlackElo "2491"]
[WhiteFideId "5099129"]
[BlackFideId "705268"]
[EventDate "2017.01.09"]

1. d4 d6 2. c4 e5 3. Nc3 Nd7 4. e4 g6 5. Nge2 h5 6. Be3 c6 7. Qd2 a6 8. f4 Ngf6
9. g3 b5 10. Bg2 bxc4 11. O-O-O Qa5 12. Kb1 Bb7 13. Rhf1 Be7 14. Bh3 Qc7 15.
fxe5 dxe5 16. Bg5 exd4 17. Qxd4 Rd8 18. Qf2 Rh7 19. Bf4 Qc8 20. Qd4 Ng4 21. Qxc4
Nde5 22. Qa4 Rxd1+ 23. Rxd1 g5 24. Bc1 Kf8 25. Nd4 Qc7 26. Qc2 Bd8 27. Nf5 Bc8
28. b3 Bxf5 29. exf5 f6 30. Ba3+ Be7 31. Nd5 Qa5 32. Nxe7 Qxa3 33. Ng6+ Nxg6 34.
fxg6 Re7 35. Bxg4 hxg4 36. Qxc6 Kg7 37. Rf1 f5 38. Qc2 Qa5 39. Rxf5 Qe1+ 40. Qc1
Qe4+ 41. Qc2 Qe1+ 42. Qc1 Qe4+ 43. Qc2 Qe1+ 1/2-1/2

[Event "15th Delhi Open 2017"]
[Site "New Delhi IND"]
[Date "2017.01.10"]
[Round "2.14"]
[White "Swayams, Mishra"]
[Black "Pranav, Shetty"]
[Result "1-0"]
[WhiteTitle "IM"]
[WhiteElo "2491"]
[BlackElo "2199"]
[WhiteFideId "5028183"]
[BlackFideId "5035058"]
[EventDate "2017.01.09"]

1. d4 Nf6 2. c4 g6 3. Nc3 Bg7 4. e4 d6 5. Be2 O-O 6. Be3 e5 7. d5 a5 8. g4 Na6
9. h4 Nd7 10. h5 Ndc5 11. g5 c6 12. Qd2 a4 13. f3 Qa5 14. Rc1 Rd8 15. Kf1 Bd7
16. Nh3 cxd5 17. Nxd5 Qxd2 18. Bxd2 Bc6 19. Nf6+ Bxf6 20. gxf6 Nd7 21. hxg6 hxg6
22. Nf2 Nxf6 23. Bg5 Kg7 24. Bh6+ Kg8 25. Bg5 Kg7 26. Ng4 Nxg4 27. Bxd8 Rxd8 28.
fxg4 Bxe4 29. Rh3 f5 30. gxf5 gxf5 31. Kf2 Kf6 32. Rg1 Ke6 33. Rg7 Rf8 34. Rh6+
Rf6 35. Rhh7 Rf8 36. Bh5 f4 37. Rh6+ Kf5 38. Bg4# 1-0

[Event "15th Delhi Open 2017"]
[Site "New Delhi IND"]
[Date "2017.01.10"]
[Round "2.15"]
[White "Aronyak, Ghosh"]
[Black "Stopa, Jacek"]
[Result "0-1"]
[WhiteTitle "CM"]
[BlackTitle "GM"]
[WhiteElo "2180"]
[BlackElo "2479"]
[WhiteFideId "25072846"]
[BlackFideId "1119591"]
[EventDate "2017.01.09"]

1. Nf3 d5 2. g3 Nf6 3. Bg2 c6 4. O-O Bf5 5. d3 e6 6. Nbd2 Be7 7. b3 O-O 8. Bb2
h6 9. Re1 Bh7 10. e4 a5 11. a3 Na6 12. Qe2 Re8 13. Rad1 Qb6 14. Ne5 Nc5 15. Ng4
Nxg4 16. Qxg4 Bf8 17. Nf1 Bg6 18. h4 Rad8 19. h5 Bh7 20. e5 Nd7 21. Nh2 a4 22.
Qxa4 Ra8 23. Qf4 Bxa3 24. Bxa3 Rxa3 25. Re3 Qc5 26. Rf3 Rf8 27. Rd2 d4 28. Re2
Ra1+ 29. Bf1 Ra5 30. Ng4 Bf5 31. b4 Qxb4 32. Nxh6+ gxh6 33. Qxh6 Qe7 34. Bh3
Nxe5 35. Rxf5 exf5 36. Bxf5 0-1

[Event "15th Delhi Open 2017"]
[Site "New Delhi IND"]
[Date "2017.01.10"]
[Round "2.16"]
[White "Neverov, Valeriy"]
[Black "Debarshi, Mukherjee"]
[Result "1-0"]
[WhiteTitle "GM"]
[WhiteElo "2478"]
[BlackElo "2193"]
[WhiteFideId "14100150"]
[BlackFideId "5007291"]
[EventDate "2017.01.09"]

1. Nf3 c5 2. g3 g6 3. Bg2 Bg7 4. O-O Nc6 5. d3 e5 6. c4 Nge7 7. Nc3 O-O 8. Ne1
d6 9. Nc2 Be6 10. Ne3 Qd7 11. Ned5 Bh3 12. Rb1 Bxg2 13. Kxg2 Nxd5 14. Nxd5 Ne7
15. Nxe7+ Qxe7 16. b4 e4 17. Be3 cxb4 18. Rxb4 exd3 19. Qxd3 d5 20. c5 Rad8 21.
Rfb1 Rd7 22. Bf4 Qxc5 23. Rxb7 Rxb7 24. Rxb7 Qa5 25. Qb3 Re8 26. Rb8 Rd8 27. Bg5
f6 28. Bd2 1-0

[Event "15th Delhi Open 2017"]
[Site "New Delhi IND"]
[Date "2017.01.10"]
[Round "2.17"]
[White "Mohammed Abdul, Malek"]
[Black "Grover, Sahaj"]
[Result "0-1"]
[WhiteTitle "FM"]
[BlackTitle "GM"]
[WhiteElo "2176"]
[BlackElo "2467"]
[WhiteFideId "10201300"]
[BlackFideId "5021103"]
[EventDate "2017.01.09"]

1. d4 Nf6 2. Nf3 g6 3. g3 Bg7 4. Bg2 O-O 5. O-O d5 6. c4 dxc4 7. Na3 c3 8. bxc3
c5 9. Nc4 Be6 10. Qa4 Qd7 11. Qxd7 Nbxd7 12. Nfe5 cxd4 13. cxd4 Rac8 14. Na5
Nxe5 15. dxe5 Nd5 16. f4 b6 17. Nb3 Nc3 18. Nd4 Bc4 19. Ba3 Rfe8 20. Rfc1 Nxe2+
21. Nxe2 Bxe2 22. Rxc8 Rxc8 23. Bxe7 Bf8 24. Bxf8 Kxf8 25. Bd5 b5 26. Bb3 a5 27.
Kf2 Bg4 28. h3 Bd7 29. Rd1 Rc7 30. g4 Ke7 31. Rd3 b4 32. Ke3 a4 33. Bd5 Rc2 34.
Rd4 Rb2 35. Bxf7 b3 36. axb3 a3 37. b4 a2 38. Bxa2 Rxa2 39. Rd3 Rb2 40. Kf3 Rxb4
41. Kg3 Be6 42. Rd6 Rb3+ 43. Kh4 h6 44. Ra6 Rf3 45. Ra7+ Bd7 46. Ra6 Be8 47. Rf6
Bf7 48. Ra6 Rxf4 49. Kg3 Re4 50. Ra5 h5 51. gxh5 gxh5 52. Rb5 Be6 53. Rb7+ Bd7
54. e6 Kxe6 55. Rb8 Kf6 56. Rf8+ Kg7 57. Rf3 Be6 58. Ra3 Kg6 59. Rc3 Rb4 60. Rc6
Kf7 61. Rc5 Rb3+ 62. Kh4 Kf6 63. Rf5+ Bxf5 0-1

[Event "15th Delhi Open 2017"]
[Site "New Delhi IND"]
[Date "2017.01.10"]
[Round "2.18"]
[White "Neelotpal, Das"]
[Black "Goswami, Vedant"]
[Result "1/2-1/2"]
[WhiteTitle "GM"]
[WhiteElo "2462"]
[BlackElo "2189"]
[WhiteFideId "5003512"]
[BlackFideId "5003725"]
[EventDate "2017.01.09"]

1. e4 c6 2. d4 d5 3. e5 Bf5 4. Nf3 e6 5. Be2 Nd7 6. O-O Bg6 7. Nbd2 Nh6 8. Nb3
Nf5 9. a4 a6 10. a5 c5 11. Bd2 Be7 12. c3 Rc8 13. g4 Nh6 14. Ne1 cxd4 15. cxd4
f6 16. f4 Be4 17. exf6 gxf6 18. Bf3 Rg8 19. Bxe4 dxe4 20. h3 Nf5 21. Ng2 Nd6 22.
g5 Rg7 23. d5 exd5 24. Nd4 Nf8 25. Qh5+ Rf7 26. f5 fxg5 27. Ne3 Nc4 28. Ne6 Qd6
29. Nxc4 Qg3+ 30. Kh1 Rxc4 31. Be1 Qe5 32. Nxg5 Bxg5 33. Qxg5 e3 34. Rf3 1/2-1/2

[Event "15th Delhi Open 2017"]
[Site "New Delhi IND"]
[Date "2017.01.10"]
[Round "2.19"]
[White "Visakh, N R"]
[Black "Jaiswal, Puneet"]
[Result "1-0"]
[WhiteTitle "IM"]
[WhiteElo "2453"]
[BlackElo "2183"]
[WhiteFideId "25012223"]
[BlackFideId "5006830"]
[EventDate "2017.01.09"]

1. e4 Nf6 2. e5 Nd5 3. d4 d6 4. Nf3 dxe5 5. Nxe5 c6 6. Be2 g6 7. O-O Bg7 8. c4
Nc7 9. f4 O-O 10. Nc3 Nd7 11. Be3 Nb6 12. Rc1 f6 13. Nf3 Be6 14. b3 Bf7 15. Qd2
Qd7 16. Rfd1 Rad8 17. Ne4 Qc8 18. Qa5 Qb8 19. Rd2 Nc8 20. Qa3 Nd6 21. Nxd6 exd6
22. d5 cxd5 23. Qxa7 Qxa7 24. Bxa7 dxc4 25. Bxc4 d5 26. Bf1 Ne6 27. g3 f5 28. a4
h6 29. Rcd1 g5 30. Rxd5 gxf4 31. Rd7 fxg3 32. hxg3 Bh5 33. Bc4 Rxd7 34. Rxd7
Bxf3 35. Bxe6+ Kh8 36. Bc5 Re8 37. Bd5 Bxd5 38. Rxd5 Re5 39. Rd8+ Kh7 40. b4 Re4
41. Rd7 Kg6 42. Rxb7 Be5 43. a5 Re1+ 44. Kf2 Ra1 45. Rb6+ Kf7 46. a6 Ra2+ 47.
Kf1 Bxg3 48. Rb7+ Ke6 49. a7 Kd5 50. Rb8 Rxa7 51. Rd8+ 1-0

[Event "15th Delhi Open 2017"]
[Site "New Delhi IND"]
[Date "2017.01.10"]
[Round "2.20"]
[White "Shelke, Sankarsha"]
[Black "Nguyen, Huynh Minh Huy"]
[Result "0-1"]
[BlackTitle "GM"]
[WhiteElo "2175"]
[BlackElo "2448"]
[WhiteFideId "25071580"]
[BlackFideId "12401269"]
[EventDate "2017.01.09"]

1. e4 c5 2. Nf3 e6 3. d4 cxd4 4. Nxd4 Nf6 5. Nc3 d6 6. Be3 a6 7. f3 b5 8. Qd2 b4
9. Nce2 e5 10. Nb3 Nc6 11. Ng3 Be6 12. Be2 Be7 13. O-O O-O 14. f4 exf4 15. Bxf4
a5 16. Rad1 Qc8 17. Bg5 Qd8 18. Kh1 Rc8 19. Bb5 Ng4 20. Bf4 Nce5 21. Nd4 Rc5 22.
h3 Nf6 23. Be2 Re8 24. Be3 Rc8 25. b3 Qc7 26. Bg5 Qc3 27. Qf4 Qc5 28. Qd2 Qc3
29. Qf4 Qc5 30. Qd2 Ng6 31. Nxe6 fxe6 32. Bc4 d5 33. exd5 exd5 34. Bd3 Ne4 35.
Nxe4 dxe4 36. Be3 Qc7 37. Bc4+ Kh8 38. Bd4 Rf8 39. Qe3 Qc6 40. Rde1 Rxf1+ 41.
Rxf1 Bf6 42. Rf5 Rd8 43. c3 bxc3 44. Bxf6 gxf6 45. Qxc3 Rd1+ 46. Kh2 Qd6+ 47.
Qg3 Rh1+ 0-1